| 000 | 00870cam a2200277 i 4500 | ||
|---|---|---|---|
| 999 |
_c200443893 _d62105 |
||
| 003 | TR-AnTOB | ||
| 005 | 20220420163957.0 | ||
| 007 | ta | ||
| 008 | 100209s1992 sp a $r01 $$$$ eeng | ||
| 040 |
_aTR-AnTOB _beng _erda _cTR-AnTOB |
||
| 041 | 0 | _aeng | |
| 050 | 4 |
_aHF3687 _b.G85 1992 |
|
| 090 |
_aHF3687 _b.G85 1992 |
||
| 245 | _aA guide to business in Spain. | ||
| 264 | 1 |
_aMadrid : _bSpanish Institute for Foreign Trade (ICEX), _c2005. |
|
| 300 |
_a159 pages ; _c30 cm. |
||
| 336 |
_atext _btxt _2rdacontent |
||
| 337 |
_bn _2rdamedia _aunmediated |
||
| 338 |
_avolume _bnc _2rdacarrier |
||
| 653 | _aCommercial law > Spain > Handbooks, manuals, etc. | ||
| 653 | _aSpain > Commerce > Handbooks, manuals, etc. | ||
| 653 | _aSpain > Economic conditions > Handbooks, manuals, etc. | ||
| 942 |
_2lcc _cBK |
||